Las mil y una noches mexicanas /

Uloženo v:
Podrobná bibliografie
Hlavní autor: Fuentes Mares, José (autor)
Další autoři: Carlos, Alberto (ilustración) (ilustración)
Médium: Kniha
Jazyk:španělština
Vydáno: México : Grijalbo, 1984, c1984
Témata:
Tagy: Přidat tag
Žádné tagy, Buďte první, kdo vytvoří štítek k tomuto záznamu!

MARC

LEADER 00000nam^a2200000^a^4500
001 000095380
005 20250521000000.0
009 20260310092907.11
020 |a 968-419-449-8 
037 |a Acervo ITESO - Biblioteca 
041 |a ESP 
082 |a 863.  |b FUE 
100 |a Fuentes Mares, José  |e (autor) 
245 1 4 |a Las mil y una noches mexicanas /  |c J. Fuentes Mares ; il. de Alberto Carlos. 
264 4 |a México :  |b Grijalbo,  |c 1984, c1984 
300 |a 237 p. 
336 |a texto  |b txt  |2 rdacontenido 
337 |a sin mediación  |b n  |2 rdamedio 
338 |a volumen  |b nc  |2 rdasoporte 
649 |a XX 
650 |a Cuentos Mexicanos 
650 |a Literatura Mexicana -  |y Siglo XX 
650 |a México en la Literatura 
650 |a México -  |x Historia 
650 |a Biografías 
700 |a Carlos, Alberto  |e (ilustración) 
910 |a Fondo General 
920 |a Impresos - Libros 
930 |a Colección General 
940 |a Literatura 
905 |a 101 
901 |a 0116460100  |b IT1  |c LIT  |u 20250521 
902 |a https://opac.biblio.iteso.mx/vufind/Record/000095380